Panduan arah kiblat
| Main Author: | |
|---|---|
| Format: | Book |
| Published: |
Kuala Lumpur :
Fajar Bakti ,
1993
|
| Subjects: |
MARC
| LEADER | 00000cam a2200000 7i4500 | ||
|---|---|---|---|
| 001 | 0000003583 | ||
| 002 | 000003856 | ||
| 005 | 20000330.0 | ||
| 020 | |a 9676527297 | ||
| 090 | 0 | 0 | |a 297.52 |b HIS |
| 100 | 0 | |a Hishamuddin Haji Mohamed | |
| 245 | 1 | 0 | |a Panduan arah kiblat |c Hishamuddin Haji Mohamed |
| 260 | |a Kuala Lumpur : |b Fajar Bakti , |c 1993 | ||
| 300 | |a 117p. : |b ill ; |c 18cm. | ||
| 650 | 0 | 0 | |a Qiblah |
| 999 | |a 037094 |b BUKU |c PINJAMAN |e PERPUSTAKAAN KOMUNITI PETALING JAYA | ||